Diseño de una metodología para calcular el valor patrimonial de corredores viales
保存先:
| 第一著者: | |
|---|---|
| その他の著者: | |
| フォーマット: | 図書 |
| 言語: | Spanish |
| 主題: | |
| タグ: |
タグ追加
タグなし, このレコードへの初めてのタグを付けませんか!
|
MARC
| LEADER | 00000nam a22000007a 4500 | ||
|---|---|---|---|
| 003 | 013041 | ||
| 005 | 20230526153722.0 | ||
| 008 | 190510b2019 c a|||| ||m| 00| ||spa d | ||
| 040 | |c cru CEDI | ||
| 100 | |9 576 |a Vindas Cambronero, Inés, 1992- | ||
| 245 | |a Diseño de una metodología para calcular el valor patrimonial de corredores viales | ||
| 500 | |a Proyecto de graduación (licenciatura en ingeniería civil)--Universidad de Costa Rica. Facultad de Ingeniería. Escuela de Ingeniería Civil. | ||
| 501 | |a Director del Proyecto. Ing. Luis Guillermo Loría Salazar, Ph.D | ||
| 650 | |x MATERIALES PARA CARRETERAS |x PAVIMENTOS DE ASFALTO - DISEÑO Y CONSTRUCCION |x CONSTRUCCION DE CARRETERAS - COSTOS |x INGENIERÍA DE CARRETERAS |x CARRETERAS - MANTENIMIENTO Y REPARACION | ||
| 700 | |9 434 |a Loría Salazar, Luis Guillermo, 1974- |d Director del TFG | ||
| 942 | |c CEDI |h TFG 8191 |6 TFG_8191_000000000000000 | ||
| 999 | |c 21683 |d 21683 | ||
